More JoJo Stands put through a bad thesaurus - Statistics

General Stats
  • This quiz has been taken 80 times
  • The average score is 18 of 34
Answer Stats
Hint Answer % Correct
Leadtallica Metallica
96%
The Universe The World
95%
Aeroartisan Aerosmith
93%
Pondering of Me Wonder of U
86%
Spongy and Dank Soft and Wet
80%
Executioner Royalty Killer Queen
79%
Monarch Burgundy King Crimson
79%
The Palm The Hand
77%
Infamous Large Notorious Big
73%
Frightening Creatures Scary Monsters
73%
Gluey Grippers Sticky Fingers
70%
Blank Python White Snake
68%
Tumbling Pebbles Rolling Stones
64%
Rock Freedom Stone Free
59%
Climate Record Weather Report
57%
Erratic Gemstone Crazy Diamond
55%
The Star The Sun
50%
Tooth Tusk
50%
Amusement Amusement Amusement Fun Fun Fun
46%
Ultraflight Superfly
45%
The Universe On Top of Afterlife The World Over Heaven
45%
Shell Monarch Call Nut King Call
41%
Plated Wagon Silver Chariot
41%
Virtuoso's Burgundy Magician's Red
38%
Bahamas Male Beach Boy
32%
Gilded Memory Gold Experience
30%
Turquoise Noon Green Day
30%
Wellspring Oasis
23%
Dark Day Off Black Sabbath
21%
Cropping Harvest
21%
Remembrance Day Monsoon November Rain
21%
Blank Scrapbook White Album
20%
Connected Wired
16%
Catch the Rainbow Capture the Prism
2%
No matching quizzes found
Score Distribution
Percent of People with Each Score
Percentile by Number Answered
Your Score History
You have not taken this quiz